Experienciar Deus: Gabriel Marcel, na contramao da teodiceia (Record no. 867830)
[ view plain ]
| 000 -CABECERA | |
|---|---|
| Campo de control de longitud fija | 00524nab a22001457 4500 |
| 003 - IDENTIFICADOR DEL NÚMERO DE CONTROL | |
| Campo de control | ES-SlBCS |
| 005 - FECHA Y HORA DE LA ÚLTIMA TRANSACCIÓN | |
| Campo de control | 20210513230823.0 |
| 008 - CÓDIGOS DE INFORMACIÓN DE LONGITUD FIJA | |
| Campo de control de longitud fija | 210513s2017 po ||||| |||| 00| 0 por d |
| 040 ## - FUENTE DE LA CATALOGACIÓN | |
| Centro catalogador del origen | ES-SlBCS |
| Lengua de catalogación | spa |
| 041 ## - CÓDIGO DE LENGUA | |
| Código de lengua del texto/banda sonora o título independiente | por |
| 100 1# - PUNTO DE ACCESO PRINCIPAL-NOMBRE DE PERSONA | |
| Nombre de persona | Freitas da Silva, Claudinei Aparecido de |
| 9 (RLIN) | 210077 |
| 245 10 - MENCIÓN DE TÍTULO | |
| Título | Experienciar Deus: Gabriel Marcel, na contramao da teodiceia |
| Mención de responsabilidad, etc. | Claudinei Aparecido de Freitas da Silva |
| 773 0# - ENLACE AL DOCUMENTO FUENTE | |
| Parte(s) relacionada(s) | Vol. 73, fasc. 2, 2017, págs. 839-864 |
| Título | Revista Portuguesa de Filosofia |
| Número de control del registro relacionado | Rev379 |
| Número Internacional Normalizado para Publicaciones Seriadas (ISSN) | 0870-5283 |
| 942 ## - ENTRADA DE ELEMENTOS AGREGADOS (KOHA) | |
| Fuente de clasificaión o esquema | |
| Koha [por defecto] tipo de item | Artículos de revista |
| Suprimido | Perdido | Fuente de clasificación o esquema | Estropeado | No para préstamo | Localización permanente | Localización actual | Fecha adquisición | Préstamos totales | Fecha última consulta | Fecha del precio de reemplazo | Tipo de item de Koha |
|---|---|---|---|---|---|---|---|---|---|---|---|
| San Esteban | San Esteban | 13/05/2021 | 13/05/2021 | 13/05/2021 | Artículos de revista |
